Bourne Identity (Record no. 17692)

MARC details
000 -LEADER
fixed length control field 00542nam a2200229 a 4500
020 ## - INTERNATIONAL STANDARD BOOK NUMBER
ISBN 0553260111
082 00 - DEWEY DECIMAL CLASSIFICATION NUMBER
Classification number 808.3
Author Cutter LUD
100 ## - MAIN ENTRY--AUTHOR NAME
Author name Ludlum, Robert
245 ## - TITLE STATEMENT
Title Bourne Identity
260 ## - PUBLICATION, DISTRIBUTION, ETC. (IMPRINT)
Place of publication New York
Name of publisher Bantam Books
Year of publication 2002
300 ## - PHYSICAL DESCRIPTION
Number of Pages 535p
500 ## - GENERAL NOTE
General note includes index and biblioraphy
650 ## - SUBJECT ADDED ENTRY--TOPICAL TERM
Topical Term Fiction
942 ## - ADDED ENTRY ELEMENTS (KOHA)
Koha item type Books
700 1# -
-- Ludlum, Robert
Holdings
Collection code Home library Current library Date acquired Cost, normal purchase price Full call number Accession Number Koha item type
  Henry Martyn Institute Library Henry Martyn Institute Library 05/23/2013 200.00 808.3 LUD 11002399 Books
                   Copyright © 2026 | Henry Martyn Institute | Hyderabad | TS-500052 | INDIA | Implemented by hmi.edu.in
Hit-Count:

Powered by Koha